000 00288nam a2200121Ia 4500
005 20251222140057.0
008 251222s1900||||xx |||||||||||||| ||spa||
082 _a207/I31
100 _aJosé Luis Idígoras
245 0 _aLa religión fenómeno popular
264 _bPaulinas
942 _cLIB
999 _c3809
_d3809